Detalles MARC
| 000 -CABECERA |
| campo de control de longitud fija |
01370nam a22002897a 4500 |
| 003 - IDENTIFICADOR DEL NÚMERO DE CONTROL |
| campo de control |
DO-SdBNP |
| 005 - FECHA Y HORA DE LA ÚLTIMA TRANSACCIÓN |
| campo de control |
20220127142517.0 |
| 007 - CAMPO FIJO DE DESCRIPCIÓN FÍSICA--INFORMACIÓN GENERAL |
| campo de control de longitud fija |
ta |
| 008 - DATOS DE LONGITUD FIJA--INFORMACIÓN GENERAL |
| campo de control de longitud fija |
211203b2019 pr ||||| |||| 00| j spa d |
| 020 ## - NÚMERO INTERNACIONAL ESTÁNDAR DEL LIBRO |
| Número Internacional Estándar del Libro |
9789945608168 |
| 040 ## - FUENTE DE LA CATALOGACIÓN |
| Centro catalogador/agencia de origen |
DO-SdBNP |
| Lengua de catalogación |
spa |
| Centro/agencia transcriptor |
BNPHU |
| 082 #4 - NÚMERO DE LA CLASIFICACIÓN DECIMAL DEWEY |
| Número de edición |
22 |
| Número de documento/Ítem |
C215c |
| 100 1# - ENTRADA PRINCIPAL--NOMBRE DE PERSONA |
| Nombre de persona |
Cancio Reichard, Pablo, |
| Fechas asociadas al nombre |
1961- |
| 9 (RLIN) |
80811 |
| 245 10 - MENCIÓN DE TÍTULO |
| Título |
Cuaderno de tapas azules y otros acechos / |
| Mención de responsabilidad, etc. |
Pablo Cancio Reichard ; lectura y corrección editorial Ana García, Patricia Infanzón, Aura Torres. |
| 260 ## - PUBLICACIÓN, DISTRIBUCIÓN, ETC. |
| Lugar de publicación, distribución, etc. |
San Juan, Puerto Rico : |
| Nombre del editor, distribuidor, etc. |
Isla Negra editores, |
| Fecha de publicación, distribución, etc. |
2019. |
| 300 ## - DESCRIPCIÓN FÍSICA |
| Extensión |
135 p. ; |
| Dimensiones |
22 cm. |
| 490 1# - MENCIÓN DE SERIE |
| Mención de serie |
El rostro y la máscara |
| 500 ## - NOTA GENERAL |
| Nota general |
Incluye datos biográficos del autor en la solapa de la cubierta. |
| 505 0# - NOTA DE CONTENIDO CON FORMATO |
| Nota de contenido con formato |
Noche inicial -- Entre brumas -- La mañana de todos los miércoles -- Una aventura en Corfú -- Cuaderno de tapas azules -- Historia de una Rosa -- Una noche en San Juan -- La maquinilla -- Las arañas suspiran por mañanas más bellas -- Mujer con sombrero de plumas -- Unos espejuelos para soñar -- Retinitis pigmentosa -- A las Torres Doradas... |
| 590 ## - NOTA LOCAL (RLIN) |
| Nota local |
Inventariado, 2021 /LP |
| 700 1# - PUNTO DE ACCESO ADICIONAL--NOMBRE DE PERSONA |
| Nombre de persona |
García, Ana, |
| Término indicativo de función/relación |
corr. ed. |
| 9 (RLIN) |
80813 |
| 700 1# - PUNTO DE ACCESO ADICIONAL--NOMBRE DE PERSONA |
| Nombre de persona |
Infanzón, Patricia, |
| Término indicativo de función/relación |
corr. ed. |
| 9 (RLIN) |
80814 |
| 700 1# - PUNTO DE ACCESO ADICIONAL--NOMBRE DE PERSONA |
| Nombre de persona |
Torres, Aura, |
| Término indicativo de función/relación |
corr. ed. |
| 9 (RLIN) |
80815 |
| 830 #0 - PUNTO DE ACCESO ADICIONAL DE SERIE-TÍTULO UNIFORME |
| Título uniforme |
El rostro y la máscara |
| 9 (RLIN) |
80812 |
| 910 ## - DATOS DE OPCIÓN DEL USUARIO (OCLC) |
| Datos de opción del usuario |
Lopérez. |
| 942 ## - ELEMENTOS DE PUNTO DE ACCESO ADICIONAL (KOHA) |
| Fuente del sistema de clasificación o colocación |
Dewey Decimal Classification |
| Tipo de ítem Koha |
Libro |